[Event "CHI-ch sf"]
[Site "Santiago de Chile"]
[Date "2018.12.07"]
[Round "2.5"]
[White "Aguirre Contreras, Cristian Rodrigo"]
[Black "Castiglione Alencastre, Aldo"]
[Result "1-0"]
[WhiteElo "2308"]
[BlackElo "2008"]
[PlyCount "93"]
[EventDate "2018.12.07"]
[EventType "swiss"]
[EventRounds "8"]
[EventCountry "CHI"]
[SourceTitle "EXT 2024"]
[Source "ChessBase"]
[SourceDate "2023.10.10"]
[SourceVersion "1"]
[SourceVersionDate "2023.10.10"]
[SourceQuality "1"]

1. e4 c5 2. c3 e6 3. d4 d5 4. Nd2 cxd4 5. cxd4 Nf6 6. e5 Nfd7 7. Bd3 f5 8. exf6 Nxf6 9. Ne2 Bd6 10. 0-0 0-0 11. Nf3 Nc6 12. Bg5 Kh8 13. Rc1 e5 14. dxe5 Nxe5 15. Nxe5 Bxe5 16. Qa4 Be6 17. Qh4 Bg8 18. Kh1 Qe7 19. Rce1 Qf7 20. f4 Bxb2 21. f5 Ne4 22. g4 Nxg5 23. Nf4 Nf3 24. Rxf3 g5 25. fxg6 Qxf4 26. Rxf4 Rxf4 27. Qh6 Re4 28. Bxe4 dxe4 29. Rxe4 Bg7 30. Qh5 Rd8 31. g5 b5 32. Kg1 a5 33. gxh7 Bxa2 34. Re8+ Rxe8 35. Qxe8+ Kxh7 36. Qxb5 Bf7 37. Qxa5 Bd4+ 38. Kg2 Bg7 39. Kg3 Bg6 40. Qd5 Kh8 41. Kg4 Bh7 42. Qd8+ Bg8 43. Qe8 Bc3 44. h4 Kg7 45. h5 Bd2 46. h6+ Kh8 47. g6 1-0

[Event "Santiago Endesa Classification"]
[Site "Santiago de Chile"]
[Date "2010.10.15"]
[Round "4"]
[White "Castiglione Alencastre, Aldo"]
[Black "Cortes Moyano, Julio"]
[Result "1-0"]
[WhiteElo "1933"]
[BlackElo "2161"]
[PlyCount "123"]
[EventDate "2010.10.06"]
[EventType "swiss"]
[EventRounds "9"]
[EventCountry "CHI"]
[SourceTitle "EXT 2012"]
[Source "ChessBase"]
[SourceDate "2011.11.24"]
[SourceVersion "1"]
[SourceVersionDate "2011.11.24"]
[SourceQuality "1"]

1. e4 e5 2. d4 exd4 3. c3 d5 4. Qxd4 Be6 5. exd5 Qxd5 6. Qxd5 Bxd5 7. Bf4 Na6 8. Nf3 0-0-0 9. Bxa6 bxa6 10. 0-0 f6 11. Nbd2 Ne7 12. Rfe1 g5 13. Be3 Nf5 14. Bxa7 c5 15. Bb6 g4 16. Bxd8 Kxd8 17. Rad1 Kc7 18. Nf1 Bxa2 19. N3d2 Bf7 20. Ne4 Be7 21. Ne3 Nxe3 22. Rxe3 Rd8 23. Rxd8 Kxd8 24. Re1 Kd7 25. Ra1 f5 26. Nd2 Bg5 27. Kf1 Kc7 28. Rxa6 Bd5 29. Ke1 Bxg2 30. Nb3 Bb7 31. Ra5 Kd6 32. Nxc5 Bc6 33. Nd3 Be4 34. Ke2 Bf3+ 35. Kf1 Be4 36. Ne1 Bf4 37. f3 gxf3 38. Nxf3 Bc1 39. Ne5 f4 40. Nf7+ Kc6 41. Ra4 Bd5 42. Ne5+ Kd6 43. Nd3 Be3 44. Nxf4 Bc6 45. Rb4 Bc5 46. Rb8 Ba7 47. Rh8 Be4 48. Ke2 Bg1 49. h3 Kc5 50. Rc8+ Kb5 51. c4+ Kb4 52. Nd3+ Ka5 53. Rb8 Ka6 54. c5 Bh2 55. Rb6+ Ka7 56. Re6 Bf5 57. Re7+ Ka6 58. Ne5 Kb5 59. c6 Kc5 60. Nf3 Bd6 61. Rf7 Be6 62. Rb7 1-0

[Event "Santiago Endesa Classification"]
[Site "Santiago de Chile"]
[Date "2010.10.06"]
[Round "1"]
[White "Castiglione Alencastre, Aldo"]
[Black "Bombardiere Rosas, Eduardo"]
[Result "0-1"]
[WhiteElo "1933"]
[BlackElo "2199"]
[PlyCount "117"]
[EventDate "2010.10.06"]
[EventType "swiss"]
[EventRounds "9"]
[EventCountry "CHI"]
[SourceTitle "EXT 2012"]
[Source "ChessBase"]
[SourceDate "2011.11.24"]
[SourceVersion "1"]
[SourceVersionDate "2011.11.24"]
[SourceQuality "1"]

1. e4 c6 2. d4 d5 3. Nc3 dxe4 4. Nxe4 Nf6 5. Nxf6+ exf6 6. c3 Bd6 7. Bd3 0-0 8. Ne2 Re8 9. 0-0 Qc7 10. h3 Nd7 11. Be3 Nf8 12. Qd2 Bd7 13. c4 Rad8 14. c5 Be7 15. Bf4 Qc8 16. Bc4 Be6 17. Qc3 Bxc4 18. Qxc4 Qe6 19. Qxe6 Nxe6 20. Be3 f5 21. Rad1 Bf6 22. Rfe1 Rd7 23. Kf1 Red8 24. b4 h6 25. a3 Kf8 26. Rd2 g5 27. f3 f4 28. Bf2 Bg7 29. h4 Nc7 30. Nc3 f5 31. hxg5 hxg5 32. a4 Nd5 33. Nxd5 Rxd5 34. b5 Kf7 35. Rde2 R8d7 36. Re8 Bxd4 37. Bxd4 Rxd4 38. bxc6 bxc6 39. Rc8 Rxa4 40. Rxc6 Ra2 41. Re2 Rd1+ 42. Kf2 Rdd2 43. Rc7+ Kg6 44. Rxd2 Rxd2+ 45. Kf1 Rc2 46. Rc8 a5 47. c6 Kf6 48. c7 Ke7 49. Ra8 Rxc7 50. Rxa5 Kf6 51. Ra8 g4 52. Re8 Rc1+ 53. Re1 Rc3 54. Kf2 Kg5 55. Rd1 Rc2+ 56. Kg1 Kh4 57. fxg4 fxg4 58. Rd8 Kg3 59. Rd1 0-1

[Event "Santiago Endesa 08"]
[Site "Santiago de Chile"]
[Date "2010.06.19"]
[Round "6"]
[White "Gaete Zuniga, Manuel"]
[Black "Castiglione Alencastre, Aldo"]
[Result "0-1"]
[WhiteElo "1966"]
[BlackElo "1997"]
[PlyCount "96"]
[EventDate "2010.06.07"]
[EventType "tourn"]
[EventRounds "11"]
[EventCountry "CHI"]
[SourceTitle "EXT 2012"]
[Source "ChessBase"]
[SourceDate "2011.11.24"]
[SourceVersion "1"]
[SourceVersionDate "2011.11.24"]
[SourceQuality "1"]

1. e4 c5 2. c3 e6 3. d4 d5 4. e5 Qb6 5. f4 Bd7 6. Nf3 Bb5 7. Bxb5+ Qxb5 8. Na3 Qa6 9. Nc2 Nd7 10. Ne3 Ne7 11. Bd2 cxd4 12. cxd4 Nc6 13. a3 Qd3 14. Qb1 Qxb1+ 15. Rxb1 f5 16. b4 b5 17. Ke2 Nb6 18. Kd3 Be7 19. Be1 Kd7 20. Bh4 Bxh4 21. Nxh4 a5 22. Nc2 axb4 23. axb4 Ra4 24. Nf3 Nc4 25. Nd2 Nxd2 26. Kxd2 Kc7 27. Rhf1 h6 28. Kc3 g5 29. g4 Ne7 30. h3 Kb6 31. Ra1 gxf4 32. Rxf4 Ng6 33. Rff1 f4 34. Kb3 Rxa1 35. Rxa1 Rf8 36. Kc3 f3 37. Rf1 Nf4 38. h4 Ne2+ 39. Kd3 Ng3 40. Rf2 Ne4 41. Rf1 Rc8 42. Rxf3 Rc3+ 43. Ke2 Rxc2+ 44. Kd1 Rd2+ 45. Ke1 Rxd4 46. g5 hxg5 47. h5 Rxb4 48. Rh3 Rc4 0-1

[Event "Santiago Endesa 08"]
[Site "Santiago de Chile"]
[Date "2010.06.09"]
[Round "2"]
[White "Abiuso, Diego"]
[Black "Castiglione Alencastre, Aldo"]
[Result "1-0"]
[WhiteElo "2065"]
[BlackElo "1997"]
[PlyCount "51"]
[EventDate "2010.06.07"]
[EventType "tourn"]
[EventRounds "11"]
[EventCountry "CHI"]
[SourceTitle "EXT 2012"]
[Source "ChessBase"]
[SourceDate "2011.11.24"]
[SourceVersion "1"]
[SourceVersionDate "2011.11.24"]
[SourceQuality "1"]

1. e4 c5 2. Nf3 d6 3. d4 cxd4 4. Nxd4 Nf6 5. Nc3 a6 6. Be2 e6 7. Be3 Be7 8. 0-0 0-0 9. f4 Qc7 10. Qe1 Nc6 11. Qg3 Nxd4 12. Bxd4 b5 13. a3 Bb7 14. Bd3 Rfd8 15. Rae1 Ne8 16. Qh3 g6 17. f5 e5 18. fxg6 hxg6 19. Be3 Bc8 20. Qg3 Be6 21. Nd5 Bxd5 22. exd5 Ng7 23. Rxf7 Kxf7 24. Qxg6+ Kg8 25. Rf1 Bf6 26. Rxf6 1-0

[Event "Santiago Endesa 14"]
[Site "Santiago de Chile"]
[Date "2008.08.25"]
[Round "3"]
[White "Castiglione Alencastre, Aldo"]
[Black "Olivares Olivares, Claudio"]
[Result "0-1"]
[WhiteElo "2115"]
[BlackElo "1947"]
[PlyCount "64"]
[EventDate "2008.08.18"]
[EventType "tourn"]
[EventRounds "9"]
[EventCountry "CHI"]
[SourceTitle "EXT 2012"]
[Source "ChessBase"]
[SourceDate "2011.11.24"]
[SourceVersion "1"]
[SourceVersionDate "2011.11.24"]
[SourceQuality "1"]

1. e4 c5 2. Nf3 d6 3. d4 cxd4 4. Nxd4 Nf6 5. Nc3 a6 6. Be3 e6 7. f3 b5 8. Qd2 Bb7 9. 0-0-0 Nbd7 10. g4 h6 11. h4 b4 12. Nce2 d5 13. exd5 Nxd5 14. Bf2 Be7 15. Ng3 Qa5 16. Kb1 Nc5 17. Nb3 Nxb3 18. axb3 Rd8 19. Qe1 Bf6 20. Bd4 Bxd4 21. Rxd4 0-0 22. g5 e5 23. Rxd5 Bxd5 24. Nf5 Bxf3 25. Bd3 Rxd3 26. cxd3 Bxh1 27. gxh6 g6 28. Qc1 Kh7 29. Qg5 Qd8 30. Qg3 Qf6 31. Ne3 Qf4 32. Qg1 Bf3 0-1

[Event "Santiago Endesa 14"]
[Site "Santiago de Chile"]
[Date "2008.08.18"]
[Round "1"]
[White "Diaz Villagran, Robert"]
[Black "Castiglione Alencastre, Aldo"]
[Result "1-0"]
[WhiteElo "2319"]
[BlackElo "2115"]
[PlyCount "75"]
[EventDate "2008.08.18"]
[EventType "tourn"]
[EventRounds "9"]
[EventCountry "CHI"]
[SourceTitle "EXT 2012"]
[Source "ChessBase"]
[SourceDate "2011.11.24"]
[SourceVersion "1"]
[SourceVersionDate "2011.11.24"]
[SourceQuality "1"]

1. e4 d5 2. d3 dxe4 3. dxe4 Qxd1+ 4. Kxd1 e5 5. c3 Be6 6. Nd2 Bc5 7. f3 Be3 8. Kc2 Nd7 9. Nc4 Bxc1 10. Kxc1 Ne7 11. Ne3 0-0-0 12. Bc4 Bxc4 13. Nxc4 f6 14. Kc2 Nf8 15. a4 Ne6 16. Ne2 Rd7 17. Nc1 Rhd8 18. b4 Kb8 19. Nb3 h5 20. b5 h4 21. Ne3 Rd6 22. Rhf1 Nf4 23. Nc4 R6d7 24. Nc5 Nxg2 25. Nxd7+ Rxd7 26. Rg1 h3 27. Rad1 Kc8 28. Rxd7 Kxd7 29. Rd1+ Kc8 30. Kd2 g5 31. Ke2 Ng6 32. Kf2 N6f4 33. Rd2 Nh5 34. Nb2 Ngf4 35. Nd1 Ne6 36. Ne3 Nc5 37. a5 Nf4 38. Nf5 1-0

[Event "Santiago CALF op"]
[Site "Santiago de Chile"]
[Date "2004.05.29"]
[Round "6"]
[White "Castiglione Alencastre, Aldo"]
[Black "Cerna, Jose Miguel"]
[Result "0-1"]
[WhiteElo "2119"]
[BlackElo "2018"]
[PlyCount "99"]
[EventDate "2004.06.21"]
[EventType "swiss"]
[EventRounds "9"]
[EventCountry "CHI"]
[SourceTitle "EXT 2005"]
[Source "ChessBase"]
[SourceDate "2004.11.15"]
[SourceVersion "1"]
[SourceVersionDate "2004.11.15"]
[SourceQuality "1"]

1. e4 e5 2. Nf3 d6 3. d4 Nd7 4. Bc4 c6 5. 0-0 Be7 6. c3 Ngf6 7. Nbd2 0-0 8. Re1 a5 9. a4 Qc7 10. Nf1 Nb6 11. Bd3 Bg4 12. h3 Be6 13. Ne3 g6 14. Nh2 Nh5 15. d5 cxd5 16. exd5 Bd7 17. Nf5 Bxf5 18. Bxf5 Qc4 19. Bd3 Qxd5 20. g4 Ng7 21. Qe2 Qc6 22. Be3 Nd7 23. Rad1 Ne6 24. Bb5 Qc7 25. Qd2 Nb6 26. Bh6 Rfd8 27. Nf1 Nc5 28. Ne3 Ne4 29. Qe2 Bg5 30. Bxg5 Nxg5 31. h4 Nh3+ 32. Kh2 Nf4 33. Qf3 Qe7 34. g5 f5 35. Nc4 Qc7 36. Nxb6 Qxb6 37. Bc4+ Kg7 38. Bd5 Rd7 39. Rd2 Rc8 40. Red1 Nxd5 41. Qxd5 Rc5 42. Qe6 Rcc7 43. Qf6+ Kg8 44. Kg1 Qb3 45. Rxd6 Qxd1+ 46. Rxd1 Rxd1+ 47. Kg2 e4 48. Qb6 Rcd7 49. Qxa5 R1d2 50. Qb6 0-1

[Event "Santiago CALF op"]
[Site "Santiago de Chile"]
[Date "2004.05.01"]
[Round "2"]
[White "Castiglione Alencastre, Aldo"]
[Black "Matamala, Emiliano"]
[Result "1-0"]
[WhiteElo "2119"]
[BlackElo "2038"]
[PlyCount "67"]
[EventDate "2004.06.21"]
[EventType "swiss"]
[EventRounds "9"]
[EventCountry "CHI"]
[SourceTitle "EXT 2005"]
[Source "ChessBase"]
[SourceDate "2004.11.15"]
[SourceVersion "1"]
[SourceVersionDate "2004.11.15"]
[SourceQuality "1"]

1. e4 c5 2. Nf3 d6 3. d4 cxd4 4. Nxd4 Nf6 5. Nc3 a6 6. Bc4 Nbd7 7. 0-0 e6 8. a3 Qc7 9. Ba2 Be7 10. Kh1 Ne5 11. f4 Nc4 12. Qe2 Nxa3 13. Bb3 d5 14. exd5 0-0 15. dxe6 fxe6 16. Bd2 Bb4 17. Ne4 Nxc2 18. Nxf6+ Rxf6 19. Nxc2 Bc5 20. f5 Kh8 21. fxe6 Rg6 22. Qe4 Qb6 23. e7 Bd7 24. Bf7 Bc6 25. Bd5 Bxd5 26. e8Q+ Rxe8 27. Qxe8+ Bg8 28. Be3 Re6 29. Bxc5 Qxc5 30. Qb8 Re2 31. Rf8 Qd5 32. Ne1 Rxb2 33. Rc1 h6 34. Rxg8+ 1-0

[Event "Santiago CALF op"]
[Site "Santiago de Chile"]
[Date "2004.04.24"]
[Round "1"]
[White "Hernandez, Hector Lagos"]
[Black "Castiglione Alencastre, Aldo"]
[Result "0-1"]
[WhiteElo "1880"]
[BlackElo "2119"]
[PlyCount "93"]
[EventDate "2004.06.21"]
[EventType "swiss"]
[EventRounds "9"]
[EventCountry "CHI"]
[SourceTitle "EXT 2005"]
[Source "ChessBase"]
[SourceDate "2004.11.15"]
[SourceVersion "1"]
[SourceVersionDate "2004.11.15"]
[SourceQuality "1"]

1. f4 d6 2. Nf3 Nf6 3. e3 c5 4. Nc3 Nc6 5. Bb5 Bd7 6. 0-0 e6 7. e4 Qc7 8. b3 Be7 9. d4 cxd4 10. Nxd4 Rc8 11. Bb2 d5 12. Bxc6 Bxc6 13. e5 Ne4 14. Qg4 Nxc3 15. Qxg7 Rf8 16. Bxc3 Bc5 17. f5 f6 18. exf6 Qxg7 19. fxg7 Rg8 20. f6 Kf7 21. Kh1 Bd7 22. Nf3 Bd6 23. Bb4 Kxf6 24. Bxd6 Kxg7 25. Ne5 Be8 26. Rf2 Bg6 27. Ng4 Bxc2 28. Be5+ Kg6 29. Rf6+ Kg5 30. Nh6 Rg6 31. h4+ Kxh6 32. Raf1 Rxf6 33. Bxf6 Kg6 34. Bb2 Rc6 35. Bd4 a6 36. g3 Bf5 37. Rf2 Rc1+ 38. Kg2 Rd1 39. Rf4 Rd2+ 40. Kg1 Rxa2 41. g4 Bxg4 42. Rxg4+ Kf5 43. Rg7 Ke4 44. Ba7 d4 45. Rxb7 d3 46. Rd7 e5 47. Re7 0-1